000 00656nam a2200241Ia 4500
003 OSt
005 20220918165039.0
006 a|||||r|||| 00| 0
007 ta
008 220917b |||||||| |||| 00| 0 eng d
020 _a0860787656 (hbk)
024 _a202,064
037 _cTextual
040 _aARTS
_cARTS
_beng
041 _2eng
_aeng
082 _aR3xC57:g, N8
100 _aMeara Dominic'O
_922343
245 0 _aThe structure of being and the search for the Good
260 _aAldershot
_bAshgate
_c1998
300 _aviii, 236p
_ccm.
942 _hR3xC57:g, N8
_cTEXL
_2CC
999 _c127994
_d127994